UEFA Elite Referees 2024/25 - Statistics

General Stats
  • This quiz has been taken 36 times
  • The average score is 12 of 30
Answer Stats
Hint Answer % Correct
ENG Anthony Taylor
81%
FRA Clément Turpin
74%
ENG Michael Oliver
71%
POL Szymon Marciniak
71%
NED Danny Makkelie
61%
FRA François Letexier
58%
SVN Slavko Vincic
55%
ESP Alejandro José Hernandez Hernandez
52%
GER Felix Zwayer
52%
ROU Istvan Kovacs
48%
ESP Jesus Gil Manzano
42%
SWI Sandro Schärer
39%
GER Daniel Siebert
35%
ITA Davide Massa
35%
SWE Glenn Nyberg
35%
ITA Marco Guida
35%
ITA Maurizio Mariani
35%
BIH Irfan Peljto
29%
POR Joao Pinheiro
29%
ESP José Maria Sanchez Martinez
29%
FRA Benoît Bastien
26%
NOR Espen Eskas
26%
SVK Ivan Kruzliak
26%
GER Tobias Stieler
26%
TUR Halil Umut Meler
23%
NED Serdar Gözübüyük
23%
ISR Orel Grinfeld
19%
RUS Sergey Karasev
16%
GRE Anastasios Sidiropoulos
13%
SER Srdan Jovanovic
13%
No matching quizzes found
Score Distribution
Percent of People with Each Score
Percentile by Number Answered
Your Score History
You have not taken this quiz